[Event "Golden Cleopatra op"]
[Site "Cairo"]
[Date "2016.12.14"]
[Round "2"]
[White "Aly, Talal"]
[Black "Fawzy, Adham"]
[Result "0-1"]
[WhiteElo "1986"]
[BlackElo "2421"]
[PlyCount "68"]
[EventDate "2016.12.13"]
[EventType "swiss"]
[EventRounds "10"]
[EventCountry "EGY"]
[SourceTitle "CBM 176 Extra"]
[Source "ChessBase"]
[SourceDate "2017.03.02"]
[SourceVersion "1"]
[SourceVersionDate "2017.03.02"]
[SourceQuality "1"]

1. d4 Nf6 2. c4 e6 3. Nf3 b6 4. g3 Bb7 5. Bg2 Bb4+ 6. Bd2 a5 7. 0-0 0-0 8. Bg5 Be7 9. Nc3 Ne4 10. Bxe7 Qxe7 11. Nxe4 Bxe4 12. Ne1 Bxg2 13. Nxg2 d6 14. e4 e5 15. Ne3 Nd7 16. Nf5 Qf6 17. Qg4 exd4 18. f4 Rad8 19. Rad1 c5 20. a3 Kh8 21. b4 axb4 22. axb4 Rfe8 23. Rfe1 Nf8 24. bxc5 bxc5 25. Rb1 Qg6 26. Qf3 Nd7 27. Rb7 Qe6 28. Ra1 Nf6 29. Raa7 Qxe4 30. Qxe4 Rxe4 31. Re7 d3 32. Rxe4 Nxe4 33. Ra3 d2 34. Rd3 Rb8 0-1

[Event "EGY-chT"]
[Site "Egypt"]
[Date "2016.05.11"]
[Round "7.1"]
[White "Elsayed, Moustafa"]
[Black "Aly, Talal"]
[Result "0-1"]
[WhiteElo "2196"]
[BlackElo "1946"]
[PlyCount "120"]
[EventDate "2016.05.05"]
[EventType "team-tourn"]
[EventRounds "9"]
[EventCountry "EGY"]
[SourceTitle "CBM 172 Extra"]
[Source "ChessBase"]
[SourceDate "2016.06.21"]
[SourceVersion "1"]
[SourceVersionDate "2016.06.21"]
[SourceQuality "1"]
[WhiteTeam "Elsharkia Zagazig"]
[BlackTeam "El Rwad"]
[WhiteTeamCountry "EGY"]
[BlackTeamCountry "EGY"]

1. Nf3 Nf6 2. c4 e6 3. g3 d5 4. Bg2 c6 5. b3 Be7 6. Bb2 0-0 7. 0-0 Nbd7 8. d4 Ne4 9. Nfd2 f5 10. f3 Nxd2 11. Nxd2 Nf6 12. Qc2 Bd7 13. e4 fxe4 14. fxe4 Be8 15. Bh3 Bd7 16. e5 Ne8 17. Rxf8+ Bxf8 18. Rf1 Nc7 19. Nf3 g6 20. Bg4 c5 21. h4 Qe8 22. Ng5 Bh6 23. dxc5 Bxg5 24. hxg5 Qe7 25. Qf2 dxc4 26. bxc4 Rf8 27. Qe3 Rxf1+ 28. Kxf1 Bc6 29. Ke1 Ne8 30. Bc1 Ng7 31. Bd1 Nf5 32. Qf2 Qc7 33. Bf4 Qa5+ 34. Kf1 Qc3 35. g4 Nd4 36. Be3 Qxc4+ 37. Ke1 Qc3+ 38. Qd2 Qxd2+ 39. Kxd2 Nb5 40. Be2 Nc7 41. Kc2 Kf7 42. Bd2 Ke7 43. Kc3 Kd7 44. Kd4 a6 45. Ba5 Nd5 46. Bd2 Ne7 47. Bd1 Nd5 48. Bb3 Ne7 49. Bd1 Bb5 50. Bf3 Bc6 51. Bd1 Nc8 52. Ba5 Na7 53. Ke3 Nb5 54. a4 Nc7 55. Kd4 Nd5 56. Bd2 Ne7 57. a5 Kc7 58. Ke3 Bd5 59. Ba4 Bc4 60. Be1 Bb5 0-1

[Event "Cairo Egyptian op"]
[Site "Cairo"]
[Date "2016.04.23"]
[Round "2"]
[White "Gabr, Mohsen"]
[Black "Aly, Talal"]
[Result "1-0"]
[WhiteElo "2225"]
[BlackElo "1955"]
[PlyCount "95"]
[EventDate "2016.04.22"]
[EventType "swiss"]
[EventRounds "9"]
[EventCountry "EGY"]
[SourceTitle "CBM 172 Extra"]
[Source "ChessBase"]
[SourceDate "2016.06.21"]
[SourceVersion "1"]
[SourceVersionDate "2016.06.21"]
[SourceQuality "1"]

1. Nf3 d5 2. c4 e6 3. g3 Nf6 4. Bg2 c6 5. b3 g6 6. Bb2 Bg7 7. 0-0 0-0 8. d3 Nbd7 9. Nbd2 Re8 10. Qc2 e5 11. e4 d4 12. b4 Nf8 13. c5 Bg4 14. Nc4 Bxf3 15. Bxf3 Qc7 16. Bg2 Ne6 17. Rac1 b5 18. Na5 Nd7 19. Qd2 g5 20. Bh3 Ndf8 21. Qd1 h6 22. Bf5 Ng6 23. Qh5 Nef8 24. Qe2 Ne7 25. Bh3 Nfg6 26. f3 Rf8 27. Rf2 Rae8 28. Re1 f5 29. exf5 Nxf5 30. Qe4 Nfe7 31. Bg2 Rf6 32. Ref1 Ref8 33. Qe1 Nd5 34. a3 Nge7 35. Bh3 Nf5 36. Bxf5 Rxf5 37. Bc1 R5f6 38. Kg2 Qf7 39. Bd2 Qh5 40. Qe4 Qg6 41. Nxc6 Qxe4 42. fxe4 Rxf2+ 43. Rxf2 Rxf2+ 44. Kxf2 Nc3 45. Bxc3 dxc3 46. Ke2 h5 47. Nxa7 h4 48. c6 1-0